000 00554nam a22001697a 4500
003 NUST
005 20260504163935.0
008 260504b ||||| |||| 00| 0 eng d
020 _a 978-1580539210
082 _a621.36
_bSHE
100 _a Naser El-Sheimy, Caterina Valeo, Ayman Habib.
_9134320
245 _aDigital Terrain Modeling: Acquisition, Manipulation and Applications /
_c Naser El-Sheimy, Caterina Valeo, Ayman Habib.
260 _bArtech House Publishers,
_c2005.
300 _a270 p ;
_c33.5 cm
563 _aHardcover
942 _2ddc
_cBK
999 _c617294
_d617294